De Maquiavelo a la razón de estado / (Record no. 147738)

MARC details
000 -LEADER
campo de control de longitud fija 00750nam a2200241 i 4500
001 - NÚMERO DE CONTROL
campo de control 147738
003 - IDENTIFICADOR DE NÚMERO DE CONTROL
campo de control ES-MaACL
005 - FECHA Y HORA DE LA ÚLTIMA TRANSACCIÓN
campo de control 20260612132717.0
007 - CAMPO FIJO DE DESCRIPCIÓN FÍSICA--INFORMACIÓN GENERAL
campo de control de longitud fija t|
008 - DATOS DE LONGITUD FIJA--INFORMACIÓN GENERAL
campo de control de longitud fija 071005s1951 sp ||||1| spa d
080 ## - NÚMERO DE LA CLASIFICACIÓN DECIMAL UNIVERSAL
Número de la Clasificación Decimal Universal 32 Machianelli, Niccoláo
080 ## - NÚMERO DE LA CLASIFICACIÓN DECIMAL UNIVERSAL
Número de la Clasificación Decimal Universal 321.01
100 1# - ENTRADA PRINCIPAL--NOMBRE DE PERSONA
Nombre de persona Uscatescu, Jorge,
Fechas asociadas al nombre 1919-1995
9 (RLIN) 112293
245 10 - MENCIÓN DEL TÍTULO
Título De Maquiavelo a la razón de estado /
Mención de responsabilidad, etc. Jorge Uscatescu.
260 ## - PUBLICACIÓN, DISTRIBUCIÓN, ETC.
Lugar de publicación, distribución, etc. Madrid :
Nombre del editor, distribuidor, etc. [s.n.,
Fecha de publicación, distribución, etc. 1951] (
Fabricante Imp. de José Luis Cosano)
300 ## - DESCRIPCIÓN FÍSICA
Extensión 224 p. ;
Dimensiones 18 cm.
600 14 - PUNTO DE ACCESO ADICIONAL DE MATERIA--NOMBRE DE PERSONA
Nombre de persona Machiavelli, Niccolò,
Fechas asociadas al nombre 1469-1527
9 (RLIN) 75181
650 17 - PUNTO DE ACCESO ADICIONAL DE MATERIA--TÉRMINO DE MATERIA
Término de materia o nombre geográfico como elemento de entrada Estado
Fuente del encabezamiento o término embne
9 (RLIN) 12523
852 ## - LOCALIZACIÓN
Ubicación ES-MaACL
Número de control de estantería D-8143
Sublocalización o colección R.32615
852 ## - LOCALIZACIÓN
Ubicación ES-MaACL
Número de control de estantería C-11451
Sublocalización o colección R.39339
852 ## - LOCALIZACIÓN
Ubicación ES-MaACL
Número de control de estantería C-33219
Sublocalización o colección R.63303
Holdings
Estatus retirado Estado de pérdida Estado de daño No para préstamo Biblioteca de origen Biblioteca actual Ubicación en estantería Fecha de adquisición Fuente de adquisición Total de préstamos Signatura topográfica completa Código de barras Visto por última vez Precio de reemplazo Tipo de ítem Koha
        Biblioteca del Ateneo de Madrid Biblioteca del Ateneo de Madrid Depósito 2 17/01/2008     C-33219 1154177 23/02/2023 23/02/2023 Libro impreso
        Biblioteca del Ateneo de Madrid Biblioteca del Ateneo de Madrid Sala Valle Inclán 17/01/2008     D-8143 901154175 23/02/2023 23/02/2023 Libro impreso
        Biblioteca del Ateneo de Madrid Biblioteca del Ateneo de Madrid Sala Palomar 17/01/2008     C-11451 1154176 23/02/2023 23/02/2023 Libro impreso